00443cam a22001452 4500001001100000005001700011008004100028020001700069040001500086050002000101245009400121260003300215300001700248700003200265000000447320151217145810.0070523s xx 000 0 eng d a997151415X : aKABUcKABU 0aQA76.9b.D37D3814aThe Data warehouse lifecycle toolkit :bexpert methods .... /cRalph Kimbal l... [et al.] aNew York :bJ. Wiley,c2002. a xix, 771 p.1 aKimball, Ralph.@0000155059